000 00673nam a2200205Ii 4500
003 JO-AjNU
008 230605s9999||||xx |||||||||||||| ||und||
017 _a2010/10/4022
040 _aJO-AjNU
_bara
_erda
_cJO-AjNU
041 _aara
050 1 4 _aDS153.4 2010
100 3 _aاعداد وتحضير حداد، عقلة,
_eauthor
_950599
245 0 0 _aآل حداد - فرع داود في شمال الأردن
264 3 1 _aعمان: المؤلف، 2010
300 _a77ص
336 _atext
_btxt
_2rdacontent
337 _aunmediated
_bn
_2rdamedia
338 _avolume
_bnc
_2rdacarrier
650 4 _aالعشائر-الانساب- ال حداد-الاردن
_950600
999 _aA22299
_c25867
_d25867